000 00634nam a22002057a 4500
005 20181206115522.0
008 181206b xxu||||| |||| 00| 0 eng d
020 _a9788190415125
_c₹ 450.00
040 _aLoreto College
041 _aHindi
082 _a891.431
_bGAU
100 _aGoutam, Rajeshwari
245 _aAjneya ke kavya mein prem aur soundarya
_cRajeshwari Goutam
260 _aDelhi
_bPrasangik Publishers
_c2009
300 _a217 p.
_b24 cm.
504 _aIncludes bibliographical references
650 _aPoetry Criticism
850 _aLCLIB
942 _cBK
999 _c41864
_d92343